Návrh opatrení na zlepšenie využitia internetu ako nástroja marketingovej komunikácie v podniku KOVO P+P, s.r.o.
Na minha lista:
| Autor principal: | |
|---|---|
| Outros Autores: | |
| Formato: | Manuscrito Livro |
| Idioma: | eslovaco |
| Publicado em: |
2015
|
| Assuntos: | |
| Acesso em linha: | http://is.stuba.sk/zp/portal_zp.pl?podrobnosti=102479 |
| Tags: |
Sem tags, seja o primeiro a adicionar uma tag!
|
MARC
| LEADER | 00000ntm a22000003a 4500 | ||
|---|---|---|---|
| 001 | stuzp50020 | ||
| 003 | SK-STU | ||
| 005 | 20160719153433.6 | ||
| 007 | ta | ||
| 008 | 150427s2015----xo-----f-mn---000-0-slo-d | ||
| 040 | |a STU |b slo | ||
| 041 | 0 | |a slo | |
| 100 | 1 | |a Gerhátová, Petra |u 064000 |4 aut |U MTF Materiálovotechnologická fakulta |T MTF Ústav priemyselného inžinierstva a manažmentu |X 61715 |U M4000 |Y 84 |7 61715 | |
| 242 | 0 | 1 | |a Proposal of applying the measures of utilization The Internet as a tool of marketing communication in KOVO P+P, s. r. o. |y eng |
| 245 | 1 | 0 | |a Návrh opatrení na zlepšenie využitia internetu ako nástroja marketingovej komunikácie v podniku KOVO P+P, s.r.o. |
| 260 | |c 2015 | ||
| 650 | 4 | |a webová stránka |2 slo | |
| 650 | 4 | |a sociálna sieť |2 slo | |
| 650 | 4 | |a spätný odkaz |2 slo | |
| 650 | 4 | |a pay per click |2 slo | |
| 650 | 4 | |a marketing |2 slo | |
| 650 | 4 | |a internet |2 slo | |
| 650 | 4 | |a marketingová komunikácia |2 slo | |
| 650 | 4 | |a back link |2 eng | |
| 650 | 4 | |a marketing |2 eng | |
| 650 | 4 | |a marketing communication |2 eng | |
| 650 | 4 | |a internet |2 eng | |
| 650 | 4 | |a social network |2 eng | |
| 650 | 4 | |a website |2 eng | |
| 650 | 4 | |a pay per click |2 eng | |
| 700 | 1 | |a Prajová, Vanessa |4 ths |X 47651 |7 A000047651 | |
| 856 | 4 | |u http://is.stuba.sk/zp/portal_zp.pl?podrobnosti=102479 | |
| 996 | |c M* BP-7243 |l MMSKP |s P |a 0 |w stuzp50020_0001 | ||
| SQL | |a stuzp50020 |b DBP |c SLO |d Návrh opatrení na zlepšenie využitia internetu ako nástroja marketingovej komunikácie v podniku KOVO P+P, s.r.o. |e 61715 |f Gerhátová, Petra |g 064000 |h 47651 |i Prajová, Vanessa |j 20150624 |k 175 |l 06 |m http://is.stuba.sk/zp/portal_zp.pl?podrobnosti=102479 |n B-PMA |o 5.2.52. priemyselné inžinierstvo | ||